000 00833nas a2200289 4500
001 BR9804967
003 BR-BrBNA
005 20231205101129.0
007 ta
008 230509b bl.|||p| |||| 00| 00por d
040 _aBR-BrBNA
_bpor
_cBiblioteca Nacional de Agricultura
041 _a(Pt)
072 _aL10
100 1 _aMoraes, C. do N.
100 1 _aNeves, J.P.
100 1 _aGoncalves, P.B.D.
100 1 _aOliveira, J.F.C. de
100 1 _aSchweitzer, C.M.
245 1 _aCriopreservacao do semen ovino em Pellets com etileno glicol
650 _aOvino
650 _aSemen
650 _aCongelamento
650 _aInseminacao Artificial
773 0 _tCiencia Rural (Brazil)
_xISSN 0103-8478
_g(Apr-Jun 1998), v. 28(2) p. 287-292
_wBR9804967
909 _a202311
_bLúcia
_c55
_dLúcia Elande
942 _2AGRIS
_n0
_cANA
999 _c159915
_d159915